| 000 | 00586nam a2200193 4500 | ||
|---|---|---|---|
| 001 | 113058 | ||
| 003 | ES-MaACL | ||
| 005 | 20230906185735.0 | ||
| 007 | t| | ||
| 008 | 061121s1967 sp r ||||1| spa d | ||
| 100 | 1 |
_aMusset, Lucien. _984693 |
|
| 245 | 1 | 4 |
_aLas invasiones _b: las oleadas germánicas / _cLucien Musset ; traducción por Oriol Durán. |
| 250 | _a[1ª ed.]. | ||
| 260 |
_aBarcelona : _bLabor, _c1967. |
||
| 300 |
_aXVI, 280 p. : _bil ; _c20 cm. |
||
| 700 | 1 |
_aDurán, Oriol. _946200 |
|
| 852 |
_aES-MaACL _jC-33541 _bR.63120 |
||
| 852 |
_aES-MaACL _jC-32483 _bR.63012 |
||
| 999 |
_c113058 _d113058 |
||